| 000 | 00838cab a2200253 4500 | ||
|---|---|---|---|
| 001 | ABS54634 | ||
| 008 | 090401t1996 xxu||||| |||| 00| 0 eng d | ||
| 035 | _a(Sirsi) u11440 | ||
| 041 | _aeng | ||
| 100 | _aCheffings, N. | ||
| 245 | _aExpert witnesses | ||
| 260 | _c1996 | ||
| 350 | _a0 | ||
| 490 |
_aRent Review & Lease Renewal _v16(1) 1996, 13-19(4) |
||
| 520 | _aOutlines the role of expert witnesses with special reference to rent reviews. Considers the Woolf Inquiry recommendations for expert reports. | ||
| 650 | _aCIVIL EVIDENCE ACT 1972 | ||
| 650 | _aEXPERT EVIDENCE | ||
| 650 |
_aEXPERT WITNESS _96239 |
||
| 650 | _aWOOLF INQUIRY | ||
| 650 | _aWRITTEN REPORTS | ||
| 690 | _aMANAGEMENT-DISPUTE AVOIDANCE, MANAGEMENT AND RESOLUTION-DISPUTE MANAGEMENT AND RESOLUTION-ARBITRATION | ||
| 942 | _n0 | ||
| 948 | _c04/03/1997 | ||
| 999 |
_c7293 _d7293 |
||